Word Ladder: Batman's Flying Girth Quiz Stats

 Plays Quiz Updated Nov 27, 2017

Challenge
Share
Tweet
Embed
Score 0/24 Timer 03:00
0 Plays Today
Clue 4-Letter Word % Correct
First man in the bible
↓ Mayor of Quahog on Family Guy: [rungs 1+9] ↓
↓ ADAM ↓
95.7%
Past tense of goWENT
94.5%
Magician's prop waved over a hatWAND
94%
Feel a need forWANT
93.4%
↑ Mayor of Quahog on Family Guy: [rungs 1+9] ↑
Where the sun sets
↓ Political drama TV series: The [rungs 9+14] ↓
↑ WEST ↓
91.6%
Word before 'wolf' or 'Ranger'LONE
91.6%
Brought into the worldBORN
91.5%
Not shortLONG
90.9%
Connery or PennSEAN
90.5%
↑ Political drama TV series: The [rungs 9+14] ↑
Organ of flight
↓ The one of a Boeing 777 is 197 ft: [rungs 14+24] ↓
↑ WING ↓
89%
Switzerland's capitalBERN
89%
Weather-vane turnerWIND
88.7%
Clue 4-Letter Word % Correct
Prepare for the futurePLAN
88.3%
Unwelcome garden visitorPEST
88.1%
Make a hole; tedious personBORE
88%
Rickman of the Harry Potter moviesALAN
87.8%
Edible seed or podBEAN
87.6%
Accumulated facts, traditions or beliefsLORE
87.3%
Intern at Futurama's Planet Express, Amy ____WONG
84.6%
Turf used for fuelPEAT
81.1%
Map showing property divisionsPLAT
77.8%
↑ The one of a Boeing 777 is 197 ft: [rungs 14+24] ↑
Complete duration of something
↑ SPAN ↑
67.7%
Jewish calendar's twelfth monthADAR
43.4%
Banned growth-retardant sprayALAR
41.6%

Today's Daily Dose

Word Ladder
Homophones Ate

Quick Pick
RGB Colors

On This Day
August 18th II

You're not logged in!

Compare scores with friends on all Sporcle quizzes.
Join for Free
OR
Log In

You Might Also Like...

Show Comments

Extras

Top Quizzes Today


Score Distribution

Your Account Isn't Verified!

In order to create a playlist on Sporcle, you need to verify the email address you used during registration. Go to your Sporcle Settings to finish the process.

Report this User

Report this user for behavior that violates our Community Guidelines.

Details: